00287pab a2200121 454500008004000000100001900040245002900059260000900088300001200097362001100109650002500120773002000145180718b2007 xxu||||| |||| 00| 0 eng d aMulimani, V.H. aThe vocational education c2007 ap.9-12. a17 Sep aVocational education aUniversity News